000 00782nam a22002175i 4500
001 171833
003 ES-MaACL
005 20250930063150.0
008 090602s1946 sp |||| | spa d
080 _a281.93
100 1 _aSolov'iov, Vladimir Sergueevich,
_d1853-1900
_9140456
245 1 0 _aRusia y la iglesia universal /
_cVladimiro Solovief ; [traducción, Instituto "Santo Tomás de Aquino", Córdoba (Rep. Argentina) ; prólogo Osvaldo Lira].
260 _aMadrid :
_bEdiciones y Publicaciones Españolas,
_c1946.
300 _aXL, 425 p. :
_bil. ;
_c21 cm.
490 1 _aSol y luna
610 2 7 _aIglesia Ortodoxa Rusa
_2
_9168408
700 1 _aLira, Osvaldo.
_972523
830 1 _aSol y luna
_9184449
852 _aES-MaACL
_jD-6969
999 _c171833
_d171833